000 00533nam a22001937a 4500
003 KOHA_MİRAKIL
005 20251013092515.0
008 251013b tu ||||| |||| 00| 0 tur d
020 _a9789750527708
040 _aTR-AnABB
_btur
_cTR-AnABB
041 _atur
082 _a813.42
_bCEL 2019
100 1 _aÇelik, Behçet,
245 1 0 _aSoluk bir an /
_cBehçet Çelik
260 _aİstanbul :
_bİletişim Yayıncılık,
_c2019
300 _a211 sayfa ;
_c20 cm
650 0 4 _aTürk edebiyatı, roman
942 _2ddc
_cBK
999 _c9123
_d9123
900 _bGizem YORULMAZ